Elevators ; a practical treatise on the development and design of hand, belt, steam, hydraulic, and electric elevators /

Bibliographic Details
Main Author: Jallings, John H.
Format: Book
Language:English
Published: Chicago : American technical society, 1915.
Subjects:

MARC

Tag First Indicator Second Indicator Subfields
LEADER 00000cam a2200000 4500
001 in00000045851
005 20151007075318.0
008 790706s1915 iluaf 00010 eng
010 |a  15019483  
035 |a (OCoLC)05143155 
035 |9 AAF3000AM 
037 |c $1.50 
040 |a DLC  |c CLE  |d TXA  |d UtOrBLW 
049 |a TXAM  |c [22378] 
050 0 |a TJ1370  |b .J23 
092 |a 621.877  |b J26e 
100 1 |a Jallings, John H. 
245 1 0 |a Elevators ;  |b a practical treatise on the development and design of hand, belt, steam, hydraulic, and electric elevators /  |c by John H. Jallings. 
264 1 |a Chicago :  |b American technical society,  |c 1915. 
300 |a 1 page ., 2, 2, 217, 7 pages :  |b illustrations, plates. ;  |c 22 cm. 
336 |a text  |b txt  |2 rdacontent 
337 |a unmediated  |b n  |2 rdamedia 
338 |a volume  |b nc  |2 rdacarrier 
650 0 |a Elevators. 
999 |a MARS 
999 f f |s 16bf1727-43bd-3cf1-9630-ac7c344636a1  |i e7e4e6bd-7165-3a02-8f67-6ec195fc16a0  |t 0 
952 f f |p ric  |a Texas A&M University  |b Rellis Campus  |c Joint Library Facility  |d Remote Storage  |t 0  |e TJ1370 .J23  |h Library of Congress classification  |i unmediated -- volume  |m A14801042793 
998 f f |a TJ1370 .J23  |t 0  |l Remote Storage